Score 0/18 Timer 04:00
2 Plays Today
Scrambled Word Unscrambled Word % Correct
NADHHand
94.7%
ELBUBlue
93.6%
RPPEPEPepper
91.9%
GINDVIDiving
80.7%
CRCHHUChurch
79.9%
VLIERSSilver
76.6%
OTCATaco
74.2%
ECVRUCurve
71.5%
WRETOTower
68.3%
Scrambled Word Unscrambled Word % Correct
HOCLOSSchool
64.5%
GERRINRinger
62%
Common Word Shared by Above WordsBell
53.6%
GIJLENJingle
50.2%
HISLEGSleigh
46.9%
TRINKETinker
43.9%
MOBSTOTBottoms
40.8%
PANICTACaptain
32.5%
TELBYIRLiberty
28.7%
Remove Ads.
Support Sporcle.
Get the best of Sporcle when you Go Orange. This ad-free experience offers more features, more stats, and more fun while also helping to support Sporcle. Thank you for becoming a member.

You're not logged in!

Compare scores with friends on all Sporcle quizzes.
OR
Log In

Show Comments

Extras

Top Quizzes Today


Score Distribution

Your Account Isn't Verified!

In order to create a playlist on Sporcle, you need to verify the email address you used during registration. Go to your Sporcle Settings to finish the process.

Report this User

Report this user for behavior that violates our Community Guidelines.

Details: